Tailor and men's wear Australia.

Sábháilte in:
Sonraí bibleagrafaíochta
Teideal nua:Tailor and men's wear Australasia
An teideal roimhe seo:Tailor and men's wear
Formáid: IRIS
Teanga:English
Foilsithe / Cruthaithe: Sydney : Penrod Publishers (N.S.W.) Pty. Ltd.
Ábhair:
LEADER 01824nas a2200397 a 4500
001 c000151052
003 CARM
005 20090527111232.0
008 920828d19uu1960xnamr p 0 a0eng d
019 1 |a 2855067  |5 LACONCORD2021 
035 |a (OCoLC)220170230  |5 LACONCORD2021 
040 |a VIT  |c VIT 
042 |a anuc 
043 |a u-at--- 
245 0 0 |a Tailor and men's wear Australia. 
246 1 7 |a Tailor and men's wear 
260 0 0 |a Sydney :  |b Penrod Publishers (N.S.W.) Pty. Ltd. 
300 |a v. :  |b ill. (some col.) ;  |c 28 cm. 
500 |a Running title: Tailor and men's wear. 
500 |a Description based on: Vol. 4, no. 2 (Feb. 1949). 
500 |a Cover title. 
650 0 |a Men's clothing industry  |z Australia  |v Periodicals. 
780 0 0 |t Tailor and men's wear 
785 0 0 |t Tailor and men's wear Australasia 
852 8 |b CARM  |h A2:AB03C4  |i D00199  |p 0001073  |f SE 
852 8 |b CARM  |h A2:AB03C5  |i D01029  |p 0001074  |f SE 
852 8 |b CARM  |h A2:AB03C0  |i D00200  |p 0001075  |f SE 
852 8 |b CARM  |h A2:AB07D4  |i D00209  |p 0001076  |f SE 
866 0 |a 13(1958)-22:12(1967)+Annual(1967) Inc 
866 0 |a 13(1958)-22:12(1967)+Annual(1967) Inc 
082 0 4 |a 687  |2 20 
999 f f |i c80d3958-68e0-5a0b-bb61-6e89c26f0679  |s 1b6bc565-a546-5448-baf6-13688e73b9be 
952 f f |p Can circulate  |a CAVAL  |b CAVAL  |c CAVAL  |d CARM 1 Store  |e D00200  |f A2:AB03C0  |h Other scheme  |i book  |k 19:1(1964),19:3(1964)-19:5(1964),19:7(1964)-22:10(1967)  |m 0001075 
952 f f |p Can circulate  |a CAVAL  |b CAVAL  |c CAVAL  |d CARM 1 Store  |e D01029  |f A2:AB03C5  |h Other scheme  |i book  |k 15(1960)-18(1963)  |m 0001074 
952 f f |p Can circulate  |a CAVAL  |b CAVAL  |c CAVAL  |d CARM 1 Store  |e D00209  |f A2:AB07D4  |h Other scheme  |i book  |k 22:11(1967)-22:12(1967)Annual(1967)  |m 0001076 
952 f f |p Can circulate  |a CAVAL  |b CAVAL  |c CAVAL  |d CARM 1 Store  |e D00199  |f A2:AB03C4  |h Other scheme  |i book  |k 13(1958)-14(1959)  |m 0001073